| 000 | 00736nas a2200217 i 4500 | ||
|---|---|---|---|
| 001 | 2024 | ||
| 003 | ES-MaACL | ||
| 005 | 20250217134450.0 | ||
| 007 | t| | ||
| 008 | 950801d18391849fr | | 1 ||re d | ||
| 080 | _a(44) | ||
| 245 | 0 | 0 |
_aRevue administrative _b: concernant les finances, l'agriculture, les travaux et établissements publics, etc. |
| 260 |
_aParis : _bBureau de la Revue, _c1839-1849 ( _fBourgogne et Martinet) |
||
| 300 |
_a2 v. ; _c24 cm. |
||
| 310 | _aMensual | ||
| 362 | _aavr. 1839-mars 1843 (I-VIII), mai/oct. 1844-juin 1846 (n. s. I-IV). juil. 1846-1849 (3e s. I-IV) | ||
| 650 | 1 | 4 |
_aAdministración pública. _99646 |
| 852 |
_aES-MaACL _jB-9650-51 |
||
| 866 | 0 | _o1839-40,1842-43. | |
| 999 |
_c2024 _d2024 |
||